[Event "FRA-chT U20 0405"]
[Site "Agneaux"]
[Date "2004.12.21"]
[Round "7.10"]
[White "Chau, Alexandre"]
[Black "Lamard, Guillaume"]
[Result "0-1"]
[WhiteElo "1100"]
[BlackElo "1580"]
[PlyCount "44"]
[EventDate "2004.12.16"]
[EventType "team"]
[EventRounds "7"]
[EventCountry "FRA"]
[SourceTitle "EXT 2006"]
[Source "ChessBase"]
[SourceDate "2005.11.24"]
[SourceVersion "1"]
[SourceVersionDate "2005.11.24"]
[SourceQuality "1"]
[WhiteTeam "Agneaux Saint Lo"]
[BlackTeam "Cannes"]
[WhiteTeamCountry "FRA"]
[BlackTeamCountry "FRA"]

1. e4 e5 2. Nc3 Nf6 3. Bc4 Nxe4 4. Nxe4 d5 5. Bb3 dxe4 6. f3 exf3 7. gxf3 Qh4+ 8. Kf1 Bc5 9. Qe2 0-0 10. d3 Nc6 11. Be3 Nd4 12. Bxd4 Bxd4 13. c3 Bb6 14. Rd1 Bf5 15. Rd2 Rad8 16. Bc2 Rd6 17. f4 Qxf4+ 18. Nf3 Bg4 19. Rg1 Bxf3 20. Qf2 Bxf2 21. Rxf2 Qc1+ 22. Bd1 Qxd1# 0-1

[Event "FRA-chT U20 0405"]
[Site "France"]
[Date "2004.11.21"]
[Round "2.9"]
[White "Chau, Alexandre"]
[Black "Haffoud, Paolo"]
[Result "0-1"]
[WhiteElo "1100"]
[BlackElo "1270"]
[PlyCount "104"]
[EventDate "2004.11.20"]
[EventType "team"]
[EventRounds "11"]
[EventCountry "FRA"]
[SourceTitle "CBM 103 Extra"]
[Source "ChessBase"]
[SourceDate "2005.01.01"]
[SourceVersion "1"]
[SourceVersionDate "2005.01.01"]
[SourceQuality "1"]

1. d4 d6 2. e3 g6 3. Bd3 Nf6 4. Nf3 Bg7 5. 0-0 c6 6. Nbd2 Qc7 7. b3 d5 8. Bb2 h5 9. Re1 Bg4 10. Ba3 Bxf3 11. Nxf3 Nbd7 12. Qd2 Ng4 13. Qb4 Bf6 14. Ng5 Bxg5 15. f4 Bf6 16. h3 Nh6 17. g4 hxg4 18. hxg4 Nxg4 19. Be2 Nxe3 20. Bf3 Nxc2 21. Rxe7+ Kf8 22. Re8+ Kxe8 23. Qc3 Nxa1 24. Qxa1 Be7 25. Qe1 Nf6 26. Bh1 Qd7 27. Bxe7 Qxe7 28. Qxe7+ Kxe7 29. a4 Rh4 30. b4 Rah8 31. Bg2 Rxf4 32. Bh1 Rg4+ 33. Bg2 Rxg2+ 34. Kxg2 Rh4 35. Kg3 Rxd4 36. Kf3 Rxb4 37. a5 d4 38. Ke2 Rb3 39. Kd2 g5 40. Kc2 Rh3 41. Kd2 g4 42. a6 bxa6 43. Ke2 g3 44. Kf3 d3 45. Kg2 Rh8 46. Kxg3 d2 47. Kf2 d1Q 48. Ke3 Rh4 49. Kf2 Ra4 50. Kg3 Qb3+ 51. Kf2 Ra2+ 52. Ke1 Qb1# 0-1